[Event "Cali Valle Colombia op-B"]
[Site "Cali Valle Colombia"]
[Date "2022.12.29"]
[Round "6"]
[White "Contreras, Camilo Andres"]
[Black "Canchala Jimenez, Juan Manuel"]
[Result "1-0"]
[WhiteElo "1848"]
[BlackElo "1675"]
[PlyCount "21"]
[EventDate "2022.12.26"]
[EventType "swiss"]
[EventRounds "8"]
[EventCountry "COL"]
[SourceTitle "CBM 211 Extra"]
[Source "ChessBase"]
[SourceDate "2023.01.31"]
[SourceVersion "1"]
[SourceVersionDate "2023.01.31"]
[SourceQuality "1"]

1. e4 e5 2. Nf3 Nc6 3. Bb5 f5 4. d4 fxe4 5. Nxe5 Nxe5 6. dxe5 c6 7. Ba4 Qa5+ 8. Nc3 Qxe5 9. 0-0 Bd6 10. g3 Nf6 11. Bf4 1-0

[Event "Cali Valle Colombia op-B"]
[Site "Cali Valle Colombia"]
[Date "2022.12.27"]
[Round "3"]
[White "Dabraccio, Guillermo"]
[Black "Contreras, Camilo Andres"]
[Result "1-0"]
[WhiteElo "1562"]
[BlackElo "1848"]
[PlyCount "49"]
[EventDate "2022.12.26"]
[EventType "swiss"]
[EventRounds "8"]
[EventCountry "COL"]
[SourceTitle "CBM 211 Extra"]
[Source "ChessBase"]
[SourceDate "2023.01.31"]
[SourceVersion "1"]
[SourceVersionDate "2023.01.31"]
[SourceQuality "1"]

1. d4 d5 2. Nf3 c6 3. c4 e6 4. e3 f5 5. Nc3 Nf6 6. Be2 Bd6 7. Bd2 0-0 8. Qb3 b6 9. cxd5 exd5 10. Bd3 Kh8 11. Ne5 Ne4 12. f4 Bb7 13. Nxe4 fxe4 14. Be2 Nd7 15. 0-0 Qe8 16. g3 Nf6 17. Rac1 Qe6 18. Nxc6 Qh3 19. Ne5 Bc8 20. Rf2 Ng4 21. Bf1 Qh5 22. Be2 Qh3 23. Rxc8 Bxe5 24. Rxa8 Rxa8 25. Qxd5 1-0

[Event "Palmira op-B"]
[Site "Palmira"]
[Date "2022.12.16"]
[Round "5"]
[White "Contreras, Camilo Andres"]
[Black "Morales Zambrano, Juan"]
[Result "1-0"]
[WhiteElo "1848"]
[BlackElo "1600"]
[PlyCount "85"]
[EventDate "2022.12.14"]
[EventType "swiss"]
[EventRounds "8"]
[EventCountry "COL"]
[SourceTitle "CBM 211 Extra"]
[Source "ChessBase"]
[SourceDate "2023.01.31"]
[SourceVersion "1"]
[SourceVersionDate "2023.01.31"]
[SourceQuality "1"]

1. e4 d5 2. exd5 Qxd5 3. Nc3 Qa5 4. Bc4 Nf6 5. d4 Bg4 6. f3 Bh5 7. Nge2 c6 8. g4 Bg6 9. Nf4 b5 10. Nxg6 hxg6 11. Bb3 e6 12. Qe2 Bb4 13. Bd2 Qd8 14. 0-0-0 Bxc3 15. bxc3 Nbd7 16. Bg5 Qa5 17. Bxe6 b4 18. Bb3+ Kf8 19. Bxf6 Nxf6 20. Qc4 Nd5 21. cxb4 Qc7 22. Qc5+ Qe7 23. Bxd5 cxd5 24. Rde1 Qxc5 25. dxc5 f6 26. Re2 Rh3 27. Rf1 Rc8 28. Kd2 Rc6 29. Kd3 a5 30. c3 Kf7 31. Kd4 Re6 32. Rxe6 Kxe6 33. Re1+ Kd7 34. Kxd5 Rxf3 35. c6+ Kd8 36. b5 Rxc3 37. b6 Rc2 38. Rb1 Kc8 39. Kd6 Rd2+ 40. Kc5 Rc2+ 41. Kb5 a4 42. Re1 Kd8 43. c7+ 1-0

[Event "Palmira op-B"]
[Site "Palmira"]
[Date "2022.12.15"]
[Round "3"]
[White "Dabraccio, Guillermo"]
[Black "Contreras, Camilo Andres"]
[Result "0-1"]
[WhiteElo "1562"]
[BlackElo "1848"]
[PlyCount "72"]
[EventDate "2022.12.14"]
[EventType "swiss"]
[EventRounds "8"]
[EventCountry "COL"]
[SourceTitle "CBM 211 Extra"]
[Source "ChessBase"]
[SourceDate "2023.01.31"]
[SourceVersion "1"]
[SourceVersionDate "2023.01.31"]
[SourceQuality "1"]

1. d4 f5 2. e4 fxe4 3. Nc3 Nf6 4. Bg5 Nc6 5. f3 e3 6. Bb5 g6 7. Nge2 Bg7 8. a3 0-0 9. Qd3 Qe8 10. Qxe3 Nd8 11. Bc4+ Nf7 12. 0-0 e6 13. Nb5 Qd8 14. Bf4 d6 15. Qb3 c6 16. Nbc3 d5 17. Bd3 Nh5 18. Be3 Nd6 19. Nd1 e5 20. c4 Be6 21. c5 Nc4 22. Bxc4 exd4 23. Nxd4 dxc4 24. Nxe6 cxb3 25. Nxd8 Raxd8 26. Nc3 Rd3 27. g4 Rxe3 28. gxh5 Rexf3 29. Rxf3 Rxf3 30. hxg6 hxg6 31. Kg2 Rf5 32. Rd1 Rxc5 33. Rd8+ Kh7 34. Rd7 Kh6 35. Rxb7 Bxc3 36. bxc3 Rb5 0-1

[Event "Jamundi Valle Avanza op-B"]
[Site "Jamundi"]
[Date "2022.12.11"]
[Round "7"]
[White "Sanchez Barreto, Josue Efrain"]
[Black "Contreras, Camilo Andres"]
[Result "1/2-1/2"]
[WhiteElo "1349"]
[BlackElo "1848"]
[PlyCount "59"]
[EventDate "2022.12.08"]
[EventType "swiss"]
[EventRounds "7"]
[EventCountry "COL"]
[SourceTitle "EXT 2024"]
[Source "ChessBase"]
[SourceDate "2023.10.10"]
[SourceVersion "1"]
[SourceVersionDate "2023.10.10"]
[SourceQuality "1"]

1. d4 f5 2. Nf3 Nf6 3. e3 e6 4. Bd3 b6 5. b3 Bb7 6. 0-0 g6 7. Bb2 Bg7 8. Nbd2 0-0 9. Qe2 Ne4 10. c4 d6 11. Rfd1 Nd7 12. Nf1 Ndf6 13. Ng3 Nxg3 14. hxg3 Ng4 15. e4 Qe8 16. d5 e5 17. Ng5 Bc8 18. f3 Nf6 19. f4 Ng4 20. Re1 Bd7 21. Qd2 h6 22. Nf3 Qf7 23. fxe5 dxe5 24. exf5 Bxf5 25. Nxe5 Nxe5 26. Bxe5 Bxd3 27. Bxg7 Kxg7 28. Qxd3 Qf2+ 29. Kh2 Rf5 30. g4 1/2-1/2

[Event "COL-ch Amateur"]
[Site "Colombia"]
[Date "2014.03.14"]
[Round "6"]
[White "Contreras, Camilo Andres"]
[Black "Ramirez, Alvaro"]
[Result "1-0"]
[WhiteElo "1914"]
[BlackElo "1637"]
[PlyCount "26"]
[EventDate "2014.03.12"]
[EventType "swiss"]
[EventRounds "9"]
[EventCountry "COL"]
[SourceTitle "CBM 159 Extra"]
[Source "ChessBase"]
[SourceDate "2014.04.24"]
[SourceVersion "1"]
[SourceVersionDate "2014.04.24"]
[SourceQuality "1"]

1. e4 c5 2. d4 cxd4 3. c3 Nc6 4. Nf3 e5 5. Bc4 h6 6. cxd4 exd4 7. Nxd4 Bb4+ 8. Nc3 Qf6 9. Be3 Nge7 10. 0-0 0-0 11. f4 Bxc3 12. bxc3 Na5 13. e5 Qh4 1-0

[Event "Latin Cup-A 3rd"]
[Site "Cali"]
[Date "2012.10.09"]
[Round "9"]
[White "Contreras, Camilo Andres"]
[Black "Norena, Wilder"]
[Result "1-0"]
[WhiteElo "1917"]
[BlackElo "1533"]
[PlyCount "62"]
[EventDate "2012.10.04"]
[EventType "swiss"]
[EventRounds "9"]
[EventCountry "COL"]
[SourceTitle "CBM 150 Extra"]
[Source "ChessBase"]
[SourceDate "2012.10.19"]
[SourceVersion "1"]
[SourceVersionDate "2012.10.19"]
[SourceQuality "1"]

1. e4 e5 2. Nf3 Nc6 3. Bb5 a6 4. Ba4 Nf6 5. 0-0 Be7 6. Re1 b5 7. Bb3 d6 8. c3 0-0 9. h3 Na5 10. Bc2 c5 11. d4 Qc7 12. Nbd2 Rd8 13. Nf1 cxd4 14. cxd4 exd4 15. Nxd4 d5 16. e5 Ne4 17. Bf4 Qb6 18. f3 Bc5 19. fxe4 Bxd4+ 20. Kh1 Bxb2 21. Rb1 Bc3 22. Re3 d4 23. Rg3 Be6 24. Bh6 g6 25. Bg5 Rd7 26. Bf6 Bxa2 27. Qc1 Qb8 28. Ra1 Nb3 29. Bxb3 Bxb3 30. Rxc3 dxc3 31. Qxc3 Rd1 1-0

[Event "Cali IRT Deptal Valle-ch"]
[Site "Cali"]
[Date "2011.04.20"]
[Round "5.12"]
[White "Riascos, Guillermo"]
[Black "Contreras, Camilo Andres"]
[Result "1-0"]
[WhiteElo "1911"]
[BlackElo "1917"]
[PlyCount "51"]
[EventDate "2011.03.18"]
[EventType "swiss"]
[EventRounds "8"]
[EventCountry "COL"]
[SourceTitle "EXT 2024"]
[Source "ChessBase"]
[SourceDate "2023.10.10"]
[SourceVersion "1"]
[SourceVersionDate "2023.10.10"]
[SourceQuality "1"]

1. d4 Nf6 2. Nf3 g6 3. Bf4 Bg7 4. e3 d6 5. h3 0-0 6. c4 Nbd7 7. Bd3 Nh5 8. Bh2 f5 9. Nc3 e5 10. dxe5 Nxe5 11. Be2 Nxf3+ 12. Bxf3 Nf6 13. Nd5 Ne4 14. Bxe4 fxe4 15. Qc2 c6 16. Nc3 Bxc3+ 17. Qxc3 Qf6 18. Qxf6 Rxf6 19. Rd1 d5 20. cxd5 cxd5 21. Rxd5 Be6 22. Ra5 Bc4 23. b3 Ra6 24. Rxa6 Bxa6 25. Be5 Rf8 26. h4 1-0

[Event "Bogota IRT op Navideno"]
[Site "Bogota"]
[Date "2009.12.05"]
[Round "1"]
[White "Abril Guiza, Mauricio"]
[Black "Contreras, Camilo Andres"]
[Result "1/2-1/2"]
[WhiteElo "2021"]
[BlackElo "1600"]
[PlyCount "123"]
[EventDate "2009.12.04"]
[EventType "swiss"]
[EventRounds "9"]
[EventCountry "COL"]
[SourceTitle "EXT 2024"]
[Source "ChessBase"]
[SourceDate "2023.10.10"]
[SourceVersion "1"]
[SourceVersionDate "2023.10.10"]
[SourceQuality "1"]

1. e4 c5 2. c3 Nf6 3. e5 Nd5 4. d4 cxd4 5. Nf3 Nc6 6. Bc4 e6 7. Bxd5 exd5 8. cxd4 d6 9. 0-0 Bg4 10. Nbd2 Be7 11. exd6 Qxd6 12. h3 h5 13. Qa4 b5 14. Qxb5 Rb8 15. Qd3 Nb4 16. Qe2 Nc2 17. Nb3 Nxa1 18. Nxa1 Bd7 19. Re1 Bb5 20. Qe5 Qxe5 21. Rxe5 Bc6 22. Nb3 f6 23. Re1 Kf7 24. Bf4 Rbe8 25. Rc1 Rc8 26. a3 Rhe8 27. Rc3 Bf8 28. Nc5 a5 29. b4 axb4 30. axb4 Re2 31. h4 Bb5 32. Ra3 Rb2 33. Bd2 Be2 34. Bc3 Rb1+ 35. Ne1 Re8 36. Kh2 Bd6+ 37. g3 Bc4 38. Ned3 Re2 39. Kg2 Ra2 40. Rxa2 Bxa2 41. Kf3 Bc4 42. Ke3 g5 43. hxg5 fxg5 44. f4 gxf4+ 45. Nxf4 Bxf4+ 46. Kxf4 Rf1+ 47. Kg5 Rf3 48. Bd2 Rxg3+ 49. Kxh5 Kf6 50. Kh4 Rg2 51. Bf4 Kf5 52. Bg3 Rb2 53. Be5 Rxb4 54. Kg3 Rb1 55. Kf2 Rf1+ 56. Ke3 Kg4 57. Ne6 Rf3+ 58. Kd2 Rd3+ 59. Kc2 Kf3 60. Nf4 Ra3 61. Kd2 Re3 62. Ne6 1/2-1/2

[Event "Verano op 2nd"]
[Site "Verano"]
[Date "2009.11.01"]
[Round "4.12"]
[White "Gomez, Ernesto"]
[Black "Contreras, Camilo Andres"]
[Result "0-1"]
[WhiteElo "1600"]
[BlackElo "1600"]
[PlyCount "53"]
[EventDate "2009.10.31"]
[EventType "swiss (rapid)"]
[EventRounds "6"]
[EventCountry "COL"]
[SourceTitle "EXT 2024"]
[Source "ChessBase"]
[SourceDate "2023.10.10"]
[SourceVersion "1"]
[SourceVersionDate "2023.10.10"]
[SourceQuality "1"]

1. d4 Nf6 2. c4 g6 3. Nc3 Bg7 4. e4 d6 5. Nf3 0-0 6. Bd3 Nbd7 7. 0-0 e5 8. d5 a5 9. Bg5 h6 10. Bh4 g5 11. Bg3 Nh5 12. Rc1 Nc5 13. Bc2 Nf4 14. Bxf4 exf4 15. Nd4 g4 16. Nf5 Bxf5 17. exf5 Qg5 18. Ne4 Nxe4 19. Bxe4 Rfe8 20. f3 Re7 21. Rc2 Rae8 22. Re2 h5 23. Qc2 h4 24. Kh1 Bd4 25. Rd1 Bc5 26. a3 f6 27. Qd3 0-1

[Event "Verano op 2nd"]
[Site "Verano"]
[Date "2009.10.31"]
[Round "2.9"]
[White "Mayorquin, Nicolas"]
[Black "Contreras, Camilo Andres"]
[Result "1-0"]
[WhiteElo "1835"]
[BlackElo "1600"]
[PlyCount "43"]
[EventDate "2009.10.31"]
[EventType "swiss (rapid)"]
[EventRounds "6"]
[EventCountry "COL"]
[SourceTitle "EXT 2024"]
[Source "ChessBase"]
[SourceDate "2023.10.10"]
[SourceVersion "1"]
[SourceVersionDate "2023.10.10"]
[SourceQuality "1"]

1. e4 c5 2. Nf3 Nc6 3. d4 cxd4 4. Nxd4 e5 5. Nb5 a6 6. Nd6+ Bxd6 7. Qxd6 Qf6 8. Qc7 Nge7 9. Nc3 0-0 10. Be3 b5 11. 0-0-0 Rb8 12. Nd5 Nxd5 13. Rxd5 Rb7 14. Qd6 Qxd6 15. Rxd6 Nb4 16. a3 Nxc2 17. Kxc2 Rc7+ 18. Kb1 Bb7 19. Bd3 Rfc8 20. Rc1 Kf8 21. Rxc7 Rxc7 22. Bd2 1-0